[Event "Kuwait Hala op"]
[Site "Kuwait"]
[Date "2016.02.18"]
[Round "3"]
[White "Alajmi, Abdulrahman"]
[Black "Alamiri, Adel"]
[Result "0-1"]
[WhiteElo "1526"]
[BlackElo "1889"]
[PlyCount "48"]
[EventDate "2016.02.17"]
[EventType "swiss"]
[EventRounds "7"]
[EventCountry "KUW"]
[SourceTitle "EXT 2018"]
[Source "ChessBase"]
[SourceDate "2017.10.13"]
[SourceVersion "1"]
[SourceVersionDate "2017.10.13"]
[SourceQuality "1"]

1. d4 d5 2. c4 e6 3. g3 Nf6 4. Bg2 Bd7 5. Nf3 Bd6 6. 0-0 h6 7. c5 Be7 8. Ne5 Nc6 9. Nxd7 Qxd7 10. Nc3 0-0 11. Re1 Rad8 12. Bf4 a6 13. e4 dxe4 14. Nxe4 Nxe4 15. Rxe4 Nxd4 16. Rxd4 Qxd4 17. Qc2 Qxc5 18. Qxc5 Bxc5 19. Bxc7 Rd2 20. Rf1 Rxb2 21. Bf4 b5 22. Be3 Bxe3 23. fxe3 Rxa2 24. Rd1 b4 0-1

[Event "KUW-ch sf"]
[Site "Kuwait"]
[Date "2015.11.13"]
[Round "8"]
[White "Alamiri, Adel"]
[Black "Al Hamlan, Faisal"]
[Result "0-1"]
[WhiteElo "1877"]
[BlackElo "1956"]
[PlyCount "90"]
[EventDate "2015.11.02"]
[EventType "swiss"]
[EventRounds "9"]
[EventCountry "KUW"]
[SourceTitle "CBM 169 Extra"]
[Source "ChessBase"]
[SourceDate "2015.12.18"]
[SourceVersion "1"]
[SourceVersionDate "2015.12.18"]
[SourceQuality "1"]

1. e4 c5 2. Nf3 d6 3. Nc3 Nc6 4. d4 cxd4 5. Nxd4 e6 6. Be2 a6 7. Be3 Nf6 8. 0-0 Be7 9. f4 Bd7 10. Bf3 Qc7 11. Nde2 Na5 12. b3 Rc8 13. Qd2 0-0 14. g4 Rfd8 15. Qe1 b5 16. Qf2 Rb8 17. a3 Bc6 18. g5 Nd7 19. f5 Ne5 20. f6 Bf8 21. Nf4 Ba8 22. Bd4 Nac6 23. Nce2 Nxf3+ 24. Qxf3 Nxd4 25. Nxd4 e5 26. Nfe6 fxe6 27. f7+ Kh8 28. Nxe6 Qa7+ 29. Rf2 Rdc8 30. Rc1 Qe7 31. Qg4 Bc6 32. Nxf8 Rxf8 33. g6 h6 34. Rcf1 d5 35. Rf6 Qc5+ 36. R1f2 dxe4 37. Qe6 e3 38. Re2 Qd4 39. Qxc6 Qd1+ 40. Rf1 Qxe2 41. Qe4 Rbd8 42. Qb4 Qxc2 43. Qe7 Qxg6+ 44. Kh1 Qe4+ 45. Kg1 e2 0-1

[Event "KUW-ch sf"]
[Site "Kuwait"]
[Date "2015.11.06"]
[Round "4"]
[White "Al Azmi, Khalaf"]
[Black "Alamiri, Adel"]
[Result "0-1"]
[WhiteElo "1755"]
[BlackElo "1877"]
[PlyCount "40"]
[EventDate "2015.11.02"]
[EventType "swiss"]
[EventRounds "9"]
[EventCountry "KUW"]
[SourceTitle "CBM 169 Extra"]
[Source "ChessBase"]
[SourceDate "2015.12.18"]
[SourceVersion "1"]
[SourceVersionDate "2015.12.18"]
[SourceQuality "1"]

1. e4 e5 2. Nf3 Nc6 3. Bc4 Be7 4. d4 exd4 5. c3 Nf6 6. e5 Ne4 7. cxd4 d5 8. Bd3 0-0 9. 0-0 Bg4 10. Be3 f5 11. Bc2 f4 12. Bc1 Ng5 13. Nc3 Bxf3 14. gxf3 Nxd4 15. Kg2 Qd7 16. Kh1 Nxc2 17. Qxc2 Qh3 18. Rg1 Nxf3 19. Bxf4 Rxf4 20. Rg2 Rh4 0-1

[Event "KUW-ch"]
[Site "Kuwait"]
[Date "2015.02.07"]
[Round "9"]
[White "Alamiri, Adel"]
[Black "Al Hajiri, Bader"]
[Result "0-1"]
[WhiteElo "1812"]
[BlackElo "2112"]
[PlyCount "54"]
[EventDate "2015.01.26"]
[EventType "swiss"]
[EventRounds "9"]
[EventCountry "KUW"]
[SourceTitle "CBM 164 Extra"]
[Source "ChessBase"]
[SourceDate "2015.03.02"]
[SourceVersion "1"]
[SourceVersionDate "2015.03.02"]
[SourceQuality "1"]

1. e4 e5 2. Nf3 Nf6 3. Nc3 Nc6 4. Be2 Bc5 5. d3 h6 6. 0-0 d6 7. h3 Be6 8. Na4 Bd4 9. c4 Qd7 10. Nc3 a6 11. Be3 g5 12. Bxd4 Nxd4 13. Nxd4 exd4 14. Nd5 Nh7 15. f4 gxf4 16. Rxf4 0-0-0 17. Bg4 Rdg8 18. Bf5 Qd8 19. Qe2 c6 20. Rc1 Bxf5 21. Rxf5 cxd5 22. cxd5+ Kb8 23. Rxf7 Ng5 24. Rfc7 Nxh3+ 25. Kf1 Rf8+ 26. Ke1 Qh4+ 27. Kd1 Rf2 0-1

[Event "KUW-ch"]
[Site "Kuwait"]
[Date "2015.01.27"]
[Round "2"]
[White "Alothman, Abdul Wahab"]
[Black "Alamiri, Adel"]
[Result "0-1"]
[WhiteElo "2240"]
[BlackElo "1812"]
[PlyCount "80"]
[EventDate "2015.01.26"]
[EventType "swiss"]
[EventRounds "9"]
[EventCountry "KUW"]
[SourceTitle "CBM 164 Extra"]
[Source "ChessBase"]
[SourceDate "2015.03.02"]
[SourceVersion "1"]
[SourceVersionDate "2015.03.02"]
[SourceQuality "1"]

1. d4 d6 2. Nf3 Nf6 3. Nc3 g6 4. e4 Bg7 5. Be3 0-0 6. Qd2 Ng4 7. Bg5 f6 8. Bc4+ Kh8 9. Bh4 c6 10. h3 Nh6 11. 0-0-0 b5 12. Nxb5 cxb5 13. Bd5 Nc6 14. Bxc6 Rb8 15. Bd5 Nf7 16. Bg3 Bb7 17. Bxb7 Rxb7 18. Rhe1 Qc8 19. Qe2 b4 20. Kb1 a5 21. d5 a4 22. Nd4 a3 23. Ne6 Re8 24. Nxg7 Kxg7 25. Rd3 axb2 26. Kxb2 Qc5 27. f4 Ra8 28. Bf2 Qa5 29. Ra1 Qb5 30. Re3 Qd7 31. Kc1 Rba7 32. Qc4 Nd8 33. Rb3 Rc7 34. Qxb4 Rac8 35. c3 Rc4 36. Qa3 Rxe4 37. Rb4 Re2 38. Rb2 Re4 39. Rab1 Qf5 40. Rb8 Qxf4+ 0-1

[Event "Kuwait FIRM op"]
[Site "Kuwait"]
[Date "2013.12.08"]
[Round "8"]
[White "Al Awadhi, Waleed"]
[Black "Alamiri, Adel"]
[Result "1-0"]
[WhiteElo "1900"]
[BlackElo "1829"]
[PlyCount "96"]
[EventDate "2013.12.01"]
[EventType "swiss"]
[EventRounds "9"]
[EventCountry "KUW"]
[SourceTitle "CBM 158 Extra"]
[Source "ChessBase"]
[SourceDate "2014.02.28"]
[SourceVersion "1"]
[SourceVersionDate "2014.02.28"]
[SourceQuality "1"]

1. e3 b6 2. f4 Nf6 3. Nf3 e6 4. Be2 Be7 5. d3 Bb7 6. 0-0 0-0 7. Qe1 d5 8. b3 c5 9. Bb2 Nc6 10. Ne5 d4 11. Nxc6 Bxc6 12. e4 Ne8 13. Nd2 f5 14. Bf3 Nc7 15. Qg3 e5 16. fxe5 Bh4 17. Qh3 Bd7 18. exf5 Bxf5 19. Bg4 Bxg4 20. Qxg4 Qe7 21. Nf3 Rxf3 22. Rxf3 Nd5 23. g3 Bg5 24. Qe4 Rd8 25. Raf1 Ne3 26. Rf7 Qe6 27. R1f3 Qh3 28. R3f4 Bxf4 29. Rxf4 Qh5 30. g4 Qh4 31. Bc3 Nxc2 32. Bd2 Nb4 33. e6 Re8 34. Rf7 Nxd3 35. Rf3 Nb4 36. a3 Nc6 37. Kg2 Nd8 38. Rh3 Rxe6 39. Qxe6+ Nxe6 40. Rxh4 a6 41. Kf3 Kf7 42. Ke4 Nc7 43. Rh5 Nb5 44. a4 Nd6+ 45. Kd5 Ke7 46. Re5+ Kd7 47. Re6 Ne8 48. Rxb6 Nf6+ 1-0